La religión griega: dioses y hombres, santuarios, rituales y mitos
Gespeichert in:
| 1. Verfasser: | |
|---|---|
| Format: | Buch |
| Sprache: | Spanisch |
| Veröffentlicht: |
Córdoba
El Almendro
2006
|
| Schlagworte: | |
| Tags: |
Tag hinzufügen
Keine Tags, Fügen Sie den ersten Tag hinzu!
|
MARC
| LEADER | 00000nam a2200000 a 4500 | ||
|---|---|---|---|
| 001 | UCI7916 | ||
| 003 | CL-VaPUC | ||
| 008 | 080731e20060000SP |||||||||||||||||spa|d | ||
| 020 | |a 8480050888 | ||
| 082 | 0 | 4 | |a 292.08 |b BRE |2 21 |
| 100 | |a Bremmer, Jan |e author |9 468498 | ||
| 245 | 1 | 3 | |a La religión griega: dioses y hombres, santuarios, rituales y mitos |
| 300 | |a 169 p | ||
| 942 | |c BK | ||
| 945 | |d 20080731 00:00:00 |a rbrito | ||
| 260 | |a Córdoba |b El Almendro |c 2006 | ||
| 650 | 0 | |a Religión griega |9 440084 | |
| 650 | 0 | |a Historia antigua |9 267521 | |
| 650 | 7 | |a POLITEISMO |2 CL-VaPUC |9 389619 | |
| 650 | 0 | |a Dioses |9 265645 | |
| 650 | 0 | |a Mitología |9 255719 | |
| 650 | 7 | |a RITOS Y COSTUMBRES |2 CL-VaPUC |9 531327 | |
| 651 | 0 | |a Grecia |9 265314 | |
| 583 | |a last modification |c 20080731 00:00:00 |k Rodrigo Vera | ||
| 999 | |c 331045 |d 331043 | ||
| 952 | |0 0 |1 0 |4 0 |6 292_080000000000000_BRE_2006 |7 0 |8 A |9 417142 |a BIBHIS |b BIBHIS |d 2019-11-22 |i 4468104 |l 2 |o 292.08 BRE 2006 |p 4468104 |r 2025-03-20 |s 2025-03-20 |w 2019-11-22 |y BK |k HIS | ||